000 00566nam a2200193Ia 4500
005 20260120124626.0
008 008 260114s9999 xx 000 0 eng d
020 _a9780444518583
037 _aEBOOK
040 _aCRL
_beng
_cCRL
041 _aeng
_2eng
084 _qCRL
100 _aM. McAleer
_9908545
245 0 _aPatent Activity and Technical Change in US Industries
260 _bEmerald Publishing
_c2005
856 _uhttps://www.emerald.com/insight/publication/doi/10.1108/S0573-8555(2005)272
942 _cEBOOK
999 _c1500442
_d1500442